[Event "Challenge"]
[Site "http://www.queenalice.com/game.php?id=1247110"]
[Date "2014.1.11"]
[Round "-"]
[White "chuckvondra"]
[Black "BossHaar"]
[Result "1/2-1/2"]
[WhiteElo "2046"]
[BlackElo "2006"]

1. e4 e5 2. Nf3 d6 3. h3 Nf6 4. Nc3 Be7 5. Bc4 O-O 6. O-O Bd7 7. d4 exd4 8. Nxd4
Nc6 9. Nde2 Re8 10. Nf4 Bf8 11. Re1 Ne5 12. Bb3 Bc6 13. Nfd5 h6 14. Be3 Ned7 15.
Bd4 b6 16. Qf3 Nxd5 17. Nxd5 Bb7 18. Nf4 Qg5 19. Bxf7+ Kxf7 20. Nd5+ Kg8 21.
Nxc7 Rac8 22. Nxe8 Rxe8 23. Qf5 Nf6 24. Qxg5 hxg5 25. e5 dxe5 26. Rxe5 Rxe5 27.
Bxe5 Bc5 28. c3 Bd5 29. Bd4 Bxd4 30. cxd4 Kf7 31. f3 Nh5 32. Kf2 Nf4 33. b3 a5
34. Rd1 a4 35. bxa4 Bxa2 36. Ra1 Bb3 37. a5 bxa5 38. Rxa5 Ne6 39. Ke3 Kf6 40. g3
Nc7 41. Rc5 Ne6 42. Rc3 Bd5 43. Ra3 Bc6 44. Ra5 Nxd4 45. Kxd4 Bxf3 46. h4 gxh4
47. gxh4 g6 48. Ke3 Bh5 49. Kf4 Be2 50. Rc5 Bd3 51. Rc6+ Kg7 52. Kg5 Be4 53.
Rc7+ Kg8 54. Re7 Bd3 55. Kf6 Bc2 56. Rg7+ Kh8 57. Rc7 Bd3 58. Kg5 Kg8 59. Kh6
Be4 1/2-1/2

[Event "Challenge"]
[Site "http://www.queenalice.com/game.php?id=1247111"]
[Date "2014.1.11"]
[Round "-"]
[White "chuckvondra"]
[Black "Viterasmo"]
[Result "1/2-1/2"]
[WhiteElo "2051"]
[BlackElo "1342"]

1. e4 e5 2. Nf3 Nc6 3. Bb5 Qf6 4. Nc3 Nd4 5. Nxd4 exd4 6. Nd5 Qd6 7. d3 Qc5 8.
Bc4 a5 9. a3 b5 10. b4 Qa7 11. Ba2 d6 12. Bb2 Ne7 13. O-O Nxd5 14. Bxd5 Rb8 15.
Qf3 f6 16. Qh5+ g6 17. Bc6+ Bd7 18. Qd5 a4 19. Bxd7+ Kxd7 20. Bxd4 Qa8 21. Qxa8
Rxa8 22. Bxf6 Rg8 23. d4 h6 24. e5 g5 25. Rfe1 Rg6 26. g4 Ke6 27. Rac1 Kd5 28.
c3 c6 29. Rc2 Ra7 30. f3 Ke6 31. c4 bxc4 32. Rxc4 Rc7 33. Rd1 Rd7 34. Rxc6 Kd5
35. Rc8 Be7 36. Bxe7 Rxe7 37. exd6 Rxd6 38. Ra8 Re3 39. Rxa4 Rxf3 40. Ra5+ Kc4
41. d5 Rf4 42. h3 Rdf6 43. d6 Rf3 44. d7 Rg3+ 45. Kh2 Rff3 46. d8=Q Rxh3+
1/2-1/2

[Event "Challenge"]
[Site "http://www.queenalice.com/game.php?id=1249679"]
[Date "2014.1.19"]
[Round "-"]
[White "jpribeiro"]
[Black "chuckvondra"]
[Result "1/2-1/2"]
[WhiteElo "2011"]
[BlackElo "2051"]

1. Nf3 Nf6 2. g3 Nc6 3. Bg2 e5 4. d3 d5 5. Bg5 Be7 6. O-O O-O 7. c4 Be6 8. cxd5
Bxd5 9. Nc3 Be6 10. Bxf6 Bxf6 11. Ne4 Be7 12. a3 a5 13. Rc1 a4 14. Nc5 Bxc5 15.
Rxc5 Qf6 16. Nd2 Bd7 17. Ne4 Qh6 18. Qd2 Qg6 19. Rcc1 Rac8 20. Nc5 Be6 21. Nxb7
Nd4 22. Nc5 Bg4 23. f3 Be6 24. e3 Nb3 25. Nxb3 Bxb3 26. Rc5 Qd6 27. Rfc1 Rfd8
28. R1c3 f5 29. Qc1 Rd7 30. Bh3 g6 31. Rc6 Qe7 32. e4 Be6 33. exf5 Bxf5 34. Bxf5
gxf5 35. Ra6 Rd4 36. Rcc6 Qg7 37. Qc2 Qg5 38. Qe2 Rcd8 39. Qxe5 Rxd3 40. Qe6+
Kf8 41. Qf6+ Qxf6 42. Rxf6+ Kg7 43. Rxf5 Rd1+ 44. Kg2 R1d2+ 45. Kh3 Rxb2 46.
Rxa4 Rc2 47. Rg4+ Kh8 48. Rh4 Rg8 49. Rf7 Rg7 50. Rxg7 Kxg7 51. Rg4+ Kf6 52.
Rf4+ Kg6 53. Rg4+ Kf6 54. Rf4+ Kg6 55. Rg4+ Kf6 56. Rf4+ 1/2-1/2

[Event "Challenge"]
[Site "http://www.queenalice.com/game.php?id=1253050"]
[Date "2014.2.1"]
[Round "-"]
[White "Zugswang"]
[Black "chuckvondra"]
[Result "0-1"]
[WhiteElo "2055"]
[BlackElo "2021"]

1. e4 c5 2. Nc3 d6 3. g3 Nc6 4. Bg2 Nf6 5. f4 e6 6. Nf3 Be7 7. O-O Rb8 8. a4 b6
9. e5 dxe5 10. Nxe5 Nxe5 11. fxe5 Qd4+ 12. Kh1 Qxe5 13. d3 Nh5 14. g4 Bd6 15.
Kg1 Qxh2+ 16. Kf2 Bb7 17. Ne4 Bxe4 18. dxe4 Rd8 19. Qf3 Qh4+ 20. Kg1 Bh2+ 21.
Kh1 Ng3+ 0-1

[Event "Fast Chess"]
[Site "http://www.queenalice.com/game.php?id=1255810"]
[Date "2014.2.15"]
[Round "-"]
[White "chuckvondra"]
[Black "phystutordotcom"]
[Result "0-1"]
[WhiteElo "2049"]
[BlackElo "2365"]

1. e4 d6 2. d4 Nf6 3. Nc3 e5 4. dxe5 dxe5 5. Qxd8+ Kxd8 6. Bc4 Be6 7. Bxe6 fxe6
8. Nf3 Bd6 9. Bd2 Nbd7 10. O-O-O Ke7 11. Rhe1 Bc5 12. Be3 Bb4 13. Bd2 Bc5 14.
Re2 Rhd8 15. h3 a5 16. Na4 Bd6 17. g4 b5 18. Nc3 Rab8 19. Bg5 h6 20. Bh4 g5 21.
Bg3 a4 22. h4 a3 23. b3 Rg8 24. hxg5 hxg5 25. Nh2 Nf8 26. f3 Ng6 27. Nf1 Rh8 28.
Rh2 c6 29. Nd2 Rxh2 30. Bxh2 Rh8 31. Bg1 Nf4 32. Be3 Rh3 33. Bxf4 exf4 34. Rf1
Nxg4 35. Ncb1 Ne3 36. Re1 g4 37. fxg4 f3 38. Nf1 Rh1 39. Nbd2 Bf4 40. c3 Nxf1
0-1

[Event "Let's Play Chess!"]
[Site "http://www.queenalice.com/game.php?id=1257634"]
[Date "2014.2.19"]
[Round "-"]
[White "chuckvondra"]
[Black "Apatride"]
[Result "0-1"]
[WhiteElo "2051"]
[BlackElo "2218"]

1. e4 c5 2. Nf3 d6 3. d4 cxd4 4. Nxd4 Nf6 5. Nc3 a6 6. Bd3 e6 7. Be3 Be7 8. Qd2
Ng4 9. O-O-O b5 10. Nb3 Bb7 11. f3 Nxe3 12. Qxe3 Nd7 13. f4 O-O 14. h4 h6 15.
Qf2 b4 16. Ne2 a5 17. Ned4 Qb6 18. Qe2 a4 0-1

[Event "Challenge"]
[Site "http://www.queenalice.com/game.php?id=1263145"]
[Date "2014.3.8"]
[Round "-"]
[White "Zugswang"]
[Black "chuckvondra"]
[Result "1-0"]
[WhiteElo "2213"]
[BlackElo "2044"]

1. e4 c5 2. Nc3 d6 3. g3 Nc6 4. Bg2 Nf6 5. f4 e6 6. Nf3 Be7 7. O-O Rb8 8. a4 b6
9. d3 O-O 10. b3 Bb7 11. Bb2 Re8 12. h3 a6 13. g4 Qc7 14. Ne2 e5 15. f5 Qd8 16.
g5 Nh5 17. h4 g6 18. f6 Bf8 19. Kh2 Bc8 20. Bc1 Bg4 21. Ng3 Nxg3 22. Kxg3 Qd7
23. Be3 Nd4 24. c3 Nxf3 25. Bxf3 Bxf3 26. Qxf3 Red8 27. h5 d5 28. hxg6 fxg6 29.
Rad1 d4 30. cxd4 cxd4 31. Bd2 Rb7 32. Qg4 Qf7 33. Rb1 Rdd7 34. Rfc1 Rdc7 35. Rc4
Rxc4 36. bxc4 Qd7 37. Qxd7 Rxd7 38. Rxb6 Rd6 39. Rb8 1-0

[Event "Challenge"]
[Site "http://www.queenalice.com/game.php?id=1263265"]
[Date "2014.3.8"]
[Round "-"]
[White "chuckvondra"]
[Black "Zugswang"]
[Result "0-1"]
[WhiteElo "2035"]
[BlackElo "2213"]

1. e4 Nf6 2. e5 Nd5 3. Bc4 c6 4. Nf3 g6 5. O-O Bg7 6. d4 O-O 7. Nbd2 b5 8. Bb3
d6 9. Re1 Bg4 10. Nf1 Qc7 11. h3 Bxf3 12. Qxf3 dxe5 13. dxe5 e6 14. Bxd5 cxd5
15. Bf4 Qxc2 16. b3 Nd7 17. Ne3 Qb2 18. Ng4 h5 0-1

[Event "Challenge"]
[Site "http://www.queenalice.com/game.php?id=1263653"]
[Date "2014.3.9"]
[Round "-"]
[White "Edmorf"]
[Black "chuckvondra"]
[Result "0-1"]
[WhiteElo "1622"]
[BlackElo "2032"]

1. d4 Nf6 2. Nf3 e6 3. Bg5 d5 4. Nc3 Bb4 5. Qd2 Nbd7 6. Qd3 O-O 7. O-O-O c5 8.
Ne5 cxd4 9. Qxd4 Bc5 10. Qf4 Nxe5 11. Qxe5 Bxf2 12. Nxd5 exd5 13. Qf4 Bb6 14.
Qg3 Kh8 15. e4 Nxe4 16. Bxd8 Nxg3 17. hxg3 Rxd8 18. Bd3 Be3+ 19. Kb1 g6 20. Rde1
d4 21. Rhf1 Be6 22. Be4 Rab8 23. a4 f5 24. Bd3 a6 25. g4 fxg4 26. Rf6 Bd5 27.
Bxg6 hxg6 28. Rxg6 Bxg2 29. Rxg4 Rg8 30. Rh4+ Kg7 31. c3 Rbd8 32. Re2 Kf7 33.
Rh5 Be4+ 34. Ka2 Bg6 35. Rh3 Rge8 36. Rf3+ Kg7 37. Rg3 Bf4 38. Rg4 Rxe2 39. Rxf4
dxc3 40. Rc4 Rxb2+ 41. Ka3 Rc2 42. Rc7+ Kh6 43. Kb3 Rc1 44. Rxc3 Rxc3+ 45. Kxc3
b5 46. a5 Rc8+ 47. Kb4 Rc4+ 48. Kb3 Ra4 49. Kc3 Rxa5 50. Kd4 Ra1 51. Kc5 Rb1 52.
Kb6 b4 53. Kxa6 b3 54. Kb6 Rc1 55. Kb5 b2 56. Kb4 b1=Q+ 57. Ka4 Rc8 58. Ka5 Ra8#
0-1

[Event "OS INCLIVEIS"]
[Site "http://www.queenalice.com/game.php?id=1263938"]
[Date "2014.3.10"]
[Round "-"]
[White "adelio"]
[Black "chuckvondra"]
[Result "0-1"]
[WhiteElo "1788"]
[BlackElo "2026"]

1. b4 e5 2. b5 b6 3. Bb2 d6 4. e4 Nf6 5. Nc3 Bb7 6. d3 c6 7. Nce2 cxb5 8. h4
Nbd7 9. h5 h6 10. Ng3 d5 11. Be2 dxe4 12. dxe4 a6 13. Nf3 Qc7 14. Nh4 Nxe4 15.
Ngf5 Rd8 16. f3 Ndc5 17. Bd3 Nxd3+ 18. cxd3 Bb4+ 19. Ke2 Nc5 20. d4 O-O 21. Nxg7
Kxg7 22. Nf5+ Kh7 23. Qc2 e4 24. dxc5 Rd2+ 25. Qxd2 Bxd2 26. Kxd2 Qf4+ 27. Ne3
Rd8+ 28. Ke2 exf3+ 29. gxf3 Qxf3+ 30. Ke1 Qxh1+ 31. Nf1 Qe4+ 32. Kf2 Qg2+ 33.
Ke1 Qxb2 34. Rd1 Qe5+ 35. Kf2 Rxd1 36. Ne3 Qh2+ 37. Ng2 Qxg2+ 38. Ke3 Qd2# 0-1

[Event "Challenge"]
[Site "http://www.queenalice.com/game.php?id=1265991"]
[Date "2014.3.18"]
[Round "-"]
[White "Hagel"]
[Black "chuckvondra"]
[Result "1/2-1/2"]
[WhiteElo "2187"]
[BlackElo "2042"]

1. e4 c5 2. Nf3 d6 3. d4 cxd4 4. Nxd4 a6 5. f4 Nc6 6. Nc3 Qa5 7. Nb3 Qd8 8. Be3
Nf6 9. Be2 g6 10. Qd2 Bg7 11. O-O-O O-O 12. h3 b5 13. Bf3 Qc7 14. e5 dxe5 15.
fxe5 Nd7 16. Nd5 Qxe5 17. Nd4 Bb7 18. Nxe7+ Qxe7 19. Nxc6 Bxc6 20. Bxc6 Qf6 21.
Bd4 Qxc6 22. Bxg7 Kxg7 23. Qxd7 Qxg2 24. Rhg1 Qf3 25. h4 Qf4+ 26. Kb1 Qxh4 27.
Rh1 Qf6 28. Rdg1 Rad8 29. Qh3 Rh8 30. Rf1 Qd4 31. Qh6+ Kg8 32. a3 Qg7 33. Qh4
Rd4 34. Qh3 Qf8 35. Qb3 Rc4 36. Rf6 Qc8 37. Rhf1 Qb7 38. Rxf7 Qxf7 39. Rxf7 Kxf7
40. a4 Rb8 41. axb5 axb5 42. Qh3 Kg7 43. Qd7+ Kh6 44. b3 Rcc8 45. Qh3+ 1/2-1/2

[Event "Challenge"]
[Site "http://www.queenalice.com/game.php?id=1266763"]
[Date "2014.3.21"]
[Round "-"]
[White "Justiceseeker"]
[Black "chuckvondra"]
[Result "0-1"]
[WhiteElo "1925"]
[BlackElo "2032"]

1. e4 c5 2. Nf3 d6 3. Bb5+ Nc6 4. O-O Nf6 5. Nc3 a6 6. Bxc6+ bxc6 7. d4 cxd4 8.
Nxd4 Bd7 9. Bg5 e5 10. Nb3 Be6 11. f4 Be7 12. fxe5 Qb6+ 13. Kh1 dxe5 14. Bxf6
Bxf6 15. Qd6 Rd8 16. Qc5 Rb8 17. Rab1 Bxb3 18. Qxb6 Rxb6 19. axb3 O-O 20. Nd1
Bg5 21. Nf2 Rd8 22. Rbd1 Rb4 23. Rxd8+ Bxd8 24. Nd3 Rxe4 25. Rd1 Bb6 26. Nc5
Bxc5 0-1

[Event "15"]
[Site "http://www.queenalice.com/game.php?id=1268040"]
[Date "2014.3.26"]
[Round "-"]
[White "Apatride"]
[Black "chuckvondra"]
[Result "1-0"]
[WhiteElo "2476"]
[BlackElo "2034"]

1. Nf3 c5 2. e4 d6 3. d4 cxd4 4. Nxd4 a6 5. Nc3 Nc6 6. Bc4 Nf6 7. O-O g6 8. Nxc6
bxc6 9. e5 Nd7 10. exd6 exd6 11. Re1+ Ne5 12. Rxe5+ dxe5 13. Bxf7+ 1-0

[Event "16"]
[Site "http://www.queenalice.com/game.php?id=1268041"]
[Date "2014.3.26"]
[Round "-"]
[White "chuckvondra"]
[Black "Apatride"]
[Result "0-1"]
[WhiteElo "2044"]
[BlackElo "2518"]

1. e4 e5 2. Nf3 Nc6 3. Bb5 a6 4. Ba4 Nf6 5. O-O Be7 6. Re1 b5 7. Bb3 d6 8. h3
O-O 9. c3 Bb7 10. Bc2 h6 11. d4 exd4 12. Nxd4 Re8 13. Nf5 Bf8 14. Bxh6 gxh6 15.
Qd2 d5 16. Nxh6+ Bxh6 17. Qxh6 Nxe4 18. Nd2 Qf6 19. Qxf6 Nxf6 20. Re3 d4 21.
Rg3+ Kf8 22. cxd4 Nxd4 0-1

[Event "Let's Play Chess!"]
[Site "http://www.queenalice.com/game.php?id=1281244"]
[Date "2014.5.13"]
[Round "-"]
[White "chuckvondra"]
[Black "franz_ferdinand"]
[Result "1-0"]
[WhiteElo "2048"]
[BlackElo "2143"]

1. e4 e5 2. Nf3 Nc6 3. Bb5 Nf6 4. O-O Nxe4 5. Re1 Nd6 6. Bxc6 dxc6 7. Nxe5 Be7
8. d4 O-O 9. Nd2 Nf5 10. Nf1 c5 11. d5 f6 12. Nf3 Bd6 13. c4 Ne7 14. h3 c6 15.
Ne3 cxd5 16. Nxd5 b6 17. Bf4 Bxf4 18. Nxf4 Qxd1 19. Raxd1 Nc6 20. Nd5 Bb7 21.
Nh4 Ne5 22. b3 Rad8 23. Nf5 Bxd5 24. Ne7+ Kf7 25. Nxd5 Rd7 26. f4 Nc6 27. Kf2
Nd4 28. g4 Re8 29. Kg3 f5 30. g5 h6 31. Rxe8 Kxe8 32. gxh6 Rd6 33. Re1+ Kf8 34.
hxg7+ Kxg7 35. Re7+ Kh6 36. Rxa7 Re6 37. Ra6 Re2 38. Rxb6+ Kg7 39. a4 Rd2 40. a5
Ra2 41. a6 Ra3 42. Rb7+ Kh6 43. a7 Nxb3 44. Kh4 Nd4 45. Nc7 Nf3+ 46. Kg3 Kh5 47.
a8=Q 1-0

[Event "Amistosa 038"]
[Site "http://www.queenalice.com/game.php?id=1282022"]
[Date "2014.5.16"]
[Round "-"]
[White "sergiogvh"]
[Black "chuckvondra"]
[Result "1-0"]
[WhiteElo "2474"]
[BlackElo "2028"]

1. e4 c5 2. d4 cxd4 3. c3 dxc3 4. Nxc3 e5 5. Nf3 Nc6 6. Bc4 Bb4 7. O-O Nf6 8.
Ng5 O-O 9. Qb3 Qe7 10. Nd5 Nxd5 11. exd5 Nd4 12. Qh3 h6 13. a3 d6 14. Qh5 Bc5
15. Ne4 Bb6 16. Ng3 Bd7 17. Bd2 Rac8 18. Rac1 a6 19. Rfe1 Be8 20. Bxh6 gxh6 21.
Qg4+ Kh8 22. Qxc8 f5 23. Bd3 Bc6 24. Rxc6 Rxc8 25. Rxc8+ Kh7 26. Nxf5 Nxf5 27.
Bxf5+ Kg7 28. Re4 Kf6 29. Be6 1-0

[Event "Amistosa 039"]
[Site "http://www.queenalice.com/game.php?id=1282024"]
[Date "2014.5.16"]
[Round "-"]
[White "chuckvondra"]
[Black "sergiogvh"]
[Result "0-1"]
[WhiteElo "2053"]
[BlackElo "2457"]

1. e4 e6 2. d4 d5 3. e5 c5 4. Nf3 Nc6 5. c3 Qb6 6. b3 cxd4 7. cxd4 Bb4+ 8. Bd2
Nxd4 9. Bxb4 Qxb4+ 10. Nbd2 Bd7 11. Be2 Nxe2 12. Qxe2 Bb5 13. Qe3 Ne7 14. Nd4
Rc8 15. Nxb5 Qxb5 16. Qe2 Qa5 17. O-O Rc2 18. Rfd1 O-O 19. Qd3 Rxa2 20. Rxa2
Qxa2 21. Nf3 Rc8 22. Ng5 Qc2 23. Qxc2 Rxc2 24. g4 Nc6 25. f4 Rc3 0-1

[Event "Let's Play Chess!"]
[Site "http://www.queenalice.com/game.php?id=1287177"]
[Date "2014.6.10"]
[Round "-"]
[White "dnptrs"]
[Black "chuckvondra"]
[Result "1-0"]
[WhiteElo "2151"]
[BlackElo "2051"]

1. d4 Nf6 2. Nf3 e6 3. Bg5 d5 4. g3 Nbd7 5. Ne5 Be7 6. Nxd7 Bxd7 7. Bg2 O-O 8.
O-O Bb5 9. c3 Nd7 10. Be3 c5 11. Na3 Ba6 12. Nc2 b5 13. f4 f5 14. Ne1 Rb8 15.
Nd3 c4 16. Ne5 Nb6 17. Nc6 Qc7 18. Nxb8 Rxb8 19. Qd2 Bc8 20. Bf3 Bd7 21. g4 g6
22. Kf2 Kf7 23. Rh1 Bh4+ 24. Kg2 Nc8 25. Rag1 Nd6 26. g5 Ne4 27. Qc2 Rh8 28.
Bxe4 fxe4 29. Kh3 h6 30. Kxh4 hxg5+ 31. Kg3 e5 32. fxe5 Rh3+ 33. Kf2 g4 34. Bg5
Qc8 35. Rg3 Qh8 36. Rf1 Rxh2+ 37. Ke1+ Ke8 38. Qc1 Rh1 39. Rgg1 Rh2 40. Qf4 Bf5
41. e6 Bxe6 42. Qb8+ Kd7 43. Qb7+ 1-0

[Event "Let's Play Chess!"]
[Site "http://www.queenalice.com/game.php?id=1287178"]
[Date "2014.6.10"]
[Round "-"]
[White "chuckvondra"]
[Black "dnptrs"]
[Result "0-1"]
[WhiteElo "2039"]
[BlackElo "2160"]

1. e4 c5 2. Nf3 e6 3. c3 Qa5 4. Be2 b5 5. Na3 a6 6. O-O Bb7 7. d3 Ne7 8. Nc2 Ng6
9. Nd2 Qc7 10. d4 Nf4 11. Bf3 Nd3 12. e5 d6 13. Bxb7 Qxb7 14. Qf3 Qxf3 15. Nxf3
Nxc1 16. Raxc1 Be7 17. Rcd1 Nd7 18. Rfe1 dxe5 19. Nxe5 Nxe5 20. dxe5 O-O 21. Rd7
Rfe8 22. Red1 Red8 23. Ne3 Kf8 24. Kf1 Ke8 25. Rxd8+ Rxd8 26. Rxd8+ Kxd8 27. g3
Kc7 28. c4 Kc6 29. b3 bxc4 30. Nxc4 Kb5 31. Ke2 f6 32. f4 fxe5 33. Nxe5 Bf6 34.
Nc4 g5 35. fxg5 Bxg5 36. Kd3 Bd8 37. Ke4 Bf6 38. h4 h5 39. Kd3 Bd4 40. Ke2 Kb4
41. Kf3 a5 42. Kf4 a4 43. Kg5 axb3 44. axb3 Kxb3 45. Nd2+ Kc2 46. Nf3 e5 47.
Kxh5 e4 0-1

[Event "Challenge"]
[Site "http://www.queenalice.com/game.php?id=1289277"]
[Date "2014.6.19"]
[Round "-"]
[White "Zugswang"]
[Black "chuckvondra"]
[Result "1-0"]
[WhiteElo "2097"]
[BlackElo "2068"]

1. e4 c5 2. Nc3 d6 3. g3 Nc6 4. Bg2 Nf6 5. f4 Bg4 6. Nf3 g6 7. h3 Bd7 8. O-O Bg7
9. Kh2 e6 10. e5 dxe5 11. fxe5 1-0

[Event "Challenge"]
[Site "http://www.queenalice.com/game.php?id=1317320"]
[Date "2014.10.23"]
[Round "-"]
[White "AAABBB"]
[Black "chuckvondra"]
[Result "1-0"]
[WhiteElo "2600"]
[BlackElo "2050"]

1. e4 c5 2. Nf3 d6 3. d4 cxd4 4. Nxd4 Nc6 5. Bc4 Nf6 6. Nc3 Bd7 7. O-O e6 8. Be3
Be7 9. f4 O-O 10. Be2 e5 11. Ndb5 Be8 12. a4 a6 13. Na3 exf4 14. Rxf4 Ne5 15.
Nc4 Nxc4 16. Bxc4 Qc7 17. Qd3 Bd7 18. Rxf6 Bxf6 19. Nd5 Qd8 20. Bb6 Qc8 21.
Nxf6+ gxf6 22. Qg3+ Bg4 23. Bd5 f5 24. Qh4 h5 25. Qf6 1-0

[Event "Challenge"]
[Site "http://www.queenalice.com/game.php?id=1317321"]
[Date "2014.10.23"]
[Round "-"]
[White "chuckvondra"]
[Black "AAABBB"]
[Result "0-1"]
[WhiteElo "2052"]
[BlackElo "2599"]

1. e4 e5 2. Nf3 d5 3. exd5 e4 4. Qe2 Be7 5. Qxe4 Nf6 6. Qa4+ c6 7. dxc6 Nxc6 8.
Ne5 O-O 9. Nxc6 bxc6 10. Be2 Rb8 11. c3 Bd6 12. O-O Qc7 13. g3 Re8 14. Bf3 Bh3
15. Bg2 Bxg2 16. Kxg2 Rb5 17. d4 Rh5 18. Qd1 h6 19. Nd2 c5 20. dxc5 Bxc5 21. Nb3
Ng4 22. Qxg4 Qc6+ 23. Kg1 Bxf2+ 24. Rxf2 Re1+ 25. Rf1 Rxf1+ 26. Kxf1 Rxh2 27.
Qd4 Qf3+ 28. Qf2 Qxf2# 0-1